BIBLIOTECA PODER JUDICIAL
Portal Judicial TDF

El juego de las diferencias. ¿Indemnizaciones agravadas o multas? / (Registro nro. 5965)

000 -LEADER
fixed length control field 01668nab a22002297a 4500
003 - CONTROL NUMBER IDENTIFIER
control field OSt
005 - DATE AND TIME OF LATEST TRANSACTION
control field 20260114140828.0
008 - FIXED-LENGTH DATA ELEMENTS--GENERAL INFORMATION
fixed length control field 190605e xxu||||| |||| 00| 0 spa d
040 ## - CATALOGING SOURCE
Transcribing agency PJ
100 ## - MAIN ENTRY--PERSONAL NAME
9 (RLIN) 6169
Personal name Mosquera, Gerardo Raúl
245 13 - TITLE STATEMENT
Title El juego de las diferencias. ¿Indemnizaciones agravadas o multas? /
Statement of responsibility, etc Gerardo R. Mosquera.
260 ## - PUBLICATION, DISTRIBUTION, ETC. (IMPRINT)
Place of publication, distribution, etc Ciudad Autónoma de Buenos Aires :
Name of publisher, distributor, etc Thomson Reuters La Ley,
Date of publication, distribution, etc 2024.
300 ## - PHYSICAL DESCRIPTION
Extent p. 56-71
500 ## - GENERAL NOTE
General note Cita: TR LALEY AR/DOC/2628/2024.<br/><br/>
505 ## - FORMATTED CONTENTS NOTE
Formatted contents note Sumario: I. Introducción.— II. El conflicto de la retroactividad: sentencias divergentes.— III. Indemnizaciones derogadas: análisis y clasificación.— IV. Interpretación jurídica: discusión conceptual y terminológica.— V. Presunción de daño y responsabilidad objetiva.— VI. Indemnizaciones y causas de justificación: análisis y redacción correcta.— VII. Poder del lenguaje y su influencia en el derecho.— VIII. Análisis del art. 132 bis de la LCT, el art. 2° de la ley 25.323 y el art. 9° de la ley 25.013.— IX. Análisis del sistema de multas en el Pacto Federal del Trabajo (ley 25.212).— X. Indemnizaciones vs. Multas.— XI. Doctrina legal de la SCBA sobre la naturaleza de las indemnizaciones previstas en la ley 24.013.— XII. A modo de cierre.
505 ## - FORMATTED CONTENTS NOTE
Title ¿Te interesa el texto completo? Solicitalo al correo: koha@justierradelfuego.gov.ar
650 #0 - SUBJECT ADDED ENTRY--TOPICAL TERM
9 (RLIN) 1316
Topical term or geographic name as entry element DERECHO LABORAL
650 #0 - SUBJECT ADDED ENTRY--TOPICAL TERM
9 (RLIN) 1382
Topical term or geographic name as entry element INDEMNIZACION
650 #0 - SUBJECT ADDED ENTRY--TOPICAL TERM
9 (RLIN) 2488
Topical term or geographic name as entry element MULTA
773 0# - HOST ITEM ENTRY
Host Biblionumber 2711
Host Itemnumber 3168
Place, publisher, and date of publication Ciudad Autónoma de Buenos Aires : Thomson Reuters La Ley, 1999-2002.
Title Revista de derecho del trabajo. Nº 6 - Noviembre 2024
942 ## - ADDED ENTRY ELEMENTS (KOHA)
Source of classification or shelving scheme
Koha item type Analítica Artículo de Revista

No hay ítems disponibles.

12 de Octubre 789 Ushuaia - Tel:  54(02901)441571
Horario de Atención: 8.00 a 17.00 hs. 
bibliotecaush@justierradelfuego.gov.ar
koha@justierradelfuego.gov.ar
Seguinos en nuestras redes @bibliojustdf 

Con tecnología Koha